000 00742nas a2200241 4500
001 BR0804980
003 BR-BrBNA
005 20231205111857.0
007 ta
008 230509b bl.|||p| |||| 00| 00por d
040 _aBR-BrBNA
_bpor
_cBiblioteca Nacional de Agricultura
041 _a(Pt)
072 _aL53
100 1 _aGuerra, M.M.P.
100 1 _aEvans, G.
100 1 _aMaxwell, W.M.C.
245 1 _aPapel de oxidante e anti-oxidante na andrologia
_bRevisão de Literatura
650 _aESPERMATOZÓIDE
650 _aSÊMEN
773 0 _tRevista Brasileira de Reprodução Animal (Brazil)
_xISSN 0102-0803
_g(Oct-Nov 2004), v. 28(4) p. 187-195
_wBR0804980
909 _a202311
_bLúcia
_c55
_dLúcia Elande
942 _2AGRIS
_n0
_cANA
999 _c194925
_d194925